01825nam a22003017a 4500001000400000003000400004005001700008008004100025020001800066040000800084041001300092082001500105100002700120240002900147245007800176260003500254300001100289490002800300500004700328520100600375650002501381650001401406650002001420655001201440655001601452700002701468830002801495362OSt20250528074019.0250401b |||||||e |||| 00| 0 eng d a9788581051789 bpor hspaapor a863bM465p aMaxwell, Megand1965-  aPideme lo que quieras /  aPeça-me o que quiser / cMaxwell, Megan ; Tradução de Tamara Sender aRio de JaneirobObjetivac2013 a398 p.1 aPeça-me O Que Quiser  aNão recomendado para menores de 18 anos. aCom tempero latino e uma abordagem excitante, essa é a história da secretária espanhola Judith Flores e seu chefe, o alemão Eric Zimmerman, também conhecido como Iceman: um homem muito sério e com os olhos azuis mais intensos e sexies que ela já viu. Recém-chegado ao comando da empresa Müller, antes dirigida por seu pai, Eric tem uma atração instantânea pelo jeito divertido de Judith e exigirá que ela o acompanhe nas viagens de trabalho pela Espanha. Mesmo sabendo que está se metendo numa situação arriscada, a ideia de estar ao lado de Iceman é irresistível. Com ele, a jovem viverá experiências sexuais até então inimagináveis, em um universo de fantasias eróticas pouco convencionais. Conciliando sexo e romantismo na medida exata, Peça-me o que quiser é uma história de amor cheia de encontros e desencontros, na qual os jogos eróticos, o voyeurismo e o desejo de ultrapassar todos os limites do prazer são os grandes protagonistas. 0aLiteratura espanhola 0aErótico 0aAmor e Paixão 0aRomance 0aFicção 1 d1981-aSender, Tamara, aPeça-me O Que Quiser